[Event "38th Olympiad"]
[Site "Dresden GER"]
[Date "2008.11.20"]
[Round "7"]
[White "Caruana,F"]
[Black "Berg,E"]
[Result "1-0"]
[WhiteElo "2640"]
[BlackElo "2623"]
[EventDate "2008.11.13"]

1. e4 e6 2. d4 d5 3. Nc3 dxe4 4. Nxe4 Nd7 5. Nf3 Ngf6 6. Nxf6+ Nxf6 7. Bd3
c5 8. dxc5 Bxc5 9. Qe2 O-O 10. O-O b6 11. Bg5 Bb7 12. Rad1 Qc7 13. Ne5 Rfd8
14. Kh1 Be7 15. Rde1 h6 16. Bh4 Nd5 17. Bg3 Bd6 18. Qe4 Nf6 19. Qh4 Nd7 20.
Nxf7 Kxf7 21. Rxe6 Nc5 22. Rxd6 Rxd6 23. Qf4+ Ke7 24. Re1+ Kd7 25. Bb5+ Bc6
26. Qf5+ Ne6 27. Bxd6 Qxd6 28. Rxe6 1-0

[Event "38th Olympiad"]
[Site "Dresden GER"]
[Date "2008.11.20"]
[Round "7"]
[White "Agrest,E"]
[Black "Godena,M"]
[Result "1/2-1/2"]
[WhiteElo "2574"]
[BlackElo "2517"]
[EventDate "2008.11.13"]

1. c4 e5 2. Nc3 Nf6 3. Nf3 Nc6 4. g3 Nd4 5. Bg2 Nxf3+ 6. Bxf3 Bb4 7. Bg2 h6
8. Qb3 Bc5 9. Na4 Be7 10. O-O c6 11. Qe3 d6 12. d4 Qc7 13. h3 O-O 14. dxe5
dxe5 15. b3 Re8 16. Bb2 Bf8 17. g4 b6 18. Rad1 Bb7 19. Qg3 b5 20. cxb5 cxb5
21. Rc1 Qb8 22. Nc5 Bxg2 23. Qxg2 Qb6 24. Ne4 Nxe4 25. Qxe4 Qa5 26. Qb1
Rad8 27. Rfd1 b4 28. Qc2 e4 29. e3 h5 30. Rxd8 Qxd8 31. Qc7 Qd2 32. Qc2 Qd8
33. Qc7 Qd2 34. Qc2 1/2-1/2

[Event "38th Olympiad"]
[Site "Dresden GER"]
[Date "2008.11.20"]
[Round "7"]
[White "Shytaj,L"]
[Black "Hillarp Persson,T"]
[Result "0-1"]
[WhiteElo "2472"]
[BlackElo "2543"]
[EventDate "2008.11.13"]

1. e4 g6 2. d4 Bg7 3. Nc3 d6 4. Be3 a6 5. g4 Nc6 6. h3 e5 7. d5 Nce7 8.
Nce2 f5 9. f3 Nf6 10. g5 Nh5 11. Qd2 O-O 12. O-O-O Bd7 13. Rh2 b5 14. Kb1
a5 15. c4 b4 16. Nc1 Nc8 17. h4 Qe7 18. Bd3 Nb6 19. Nge2 fxe4 20. fxe4 Rf3
21. Ng1 Rf4 22. Nge2 Raf8 23. Nxf4 exf4 24. Bf2 Na4 25. Nb3 Nxb2 26. Bd4
Nxd1 27. Qxd1 a4 28. Bxg7 Qxg7 29. Nc1 Ng3 30. Bc2 a3 31. Bd3 f3 32. Qc2
Qe5 33. Nb3 Ba4 34. Rf2 Bxb3 35. axb3 a2+ 36. Qxa2 Qd4 37. Qd2 Ra8 38. Kc1
Ne2+ 0-1

[Event "38th Olympiad"]
[Site "Dresden GER"]
[Date "2008.11.20"]
[Round "7"]
[White "Carlsson,P"]
[Black "Brunello,S"]
[Result "1/2-1/2"]
[WhiteElo "2515"]
[BlackElo "2455"]
[EventDate "2008.11.13"]

1. e4 e5 2. Nf3 Nc6 3. Bc4 Bc5 4. O-O Nf6 5. d3 d6 6. c3 O-O 7. Bb3 a6 8.
h3 h6 9. Re1 Ba7 10. Nbd2 Re8 11. Nf1 Be6 12. Be3 Bxe3 13. Nxe3 Qd7 14. Nh4
Bxb3 15. axb3 d5 16. Qf3 Rad8 17. Nhf5 Kh7 18. exd5 Nxd5 19. Nxd5 Qxd5 20.
Qxd5 Rxd5 21. d4 Rdd8 22. dxe5 Rxe5 23. Rxe5 Nxe5 24. Re1 Nc6 25. Kf1 a5
26. Ne3 Kg6 27. Ke2 Kf6 28. Ra1 b5 29. h4 h5 30. g3 Ke5 31. Ng2 g6 32. Nf4
Ra8 1/2-1/2

[Event "38th Olympiad"]
[Site "Dresden GER"]
[Date "2008.11.20"]
[Round "7"]
[White "Rahman,Zia"]
[Black "Carlsen,M"]
[Result "1/2-1/2"]
[WhiteElo "2510"]
[BlackElo "2786"]
[EventDate "2008.11.13"]

1. d4 Nf6 2. Bg5 e6 3. e4 h6 4. Bxf6 Qxf6 5. c3 d5 6. Nd2 c5 7. Ngf3 Nc6 8.
dxc5 Bxc5 9. Bd3 O-O 10. O-O Bb6 11. Qe2 Qf4 12. Rad1 Bd7 13. Bc2 Rfd8 14.
exd5 exd5 15. Qd3 Be6 16. Qh7+ Kf8 17. Nb3 Qf6 18. Nbd4 Nxd4 19. Nxd4 Rac8
20. Rd3 Bxd4 21. Rxd4 Rc4 22. Rfd1 Rxd4 23. Rxd4 Qe5 24. Rd1 d4 25. Qd3
Bxa2 26. cxd4 Qa5 27. h3 Be6 28. Bb3 Bxb3 29. Qxb3 Rxd4 30. Rxd4 Qe1+ 31.
Kh2 Qe5+ 32. Kg1 Qe1+ 33. Kh2 Qe5+ 34. Kg1 Qxd4 35. Qxb7 g5 36. g3 Kg7 37.
Kg2 a5 38. b3 1/2-1/2

[Event "38th Olympiad"]
[Site "Dresden GER"]
[Date "2008.11.20"]
[Round "7"]
[White "Lie,K"]
[Black "Hossain,Enam"]
[Result "0-1"]
[WhiteElo "2526"]
[BlackElo "2494"]
[EventDate "2008.11.13"]

1. c4 Nf6 2. g3 e5 3. Bg2 Nc6 4. Nc3 Bc5 5. a3 d6 6. e3 a6 7. Nge2 O-O 8.
d3 Ba7 9. O-O Re8 10. h3 Ne7 11. e4 c6 12. Kh2 Ng6 13. b3 h6 14. Ra2 Be6
15. f4 exf4 16. Nxf4 Nxf4 17. gxf4 Qa5 18. b4 Qh5 19. f5 Qxd1 20. Rxd1 Bd7
21. d4 a5 22. Re2 axb4 23. axb4 Bb8 24. Kg1 Ra1 25. Kf2 b5 26. c5 dxc5 27.
dxc5 Be5 28. Bb2 Ra7 29. Rd3 g6 30. Nd1 Ra4 31. Bxe5 Rxe5 32. Rd6 Kg7 33.
Nb2 Ra2 34. fxg6 fxg6 35. Nd3 Nxe4+ 36. Bxe4 Rxe2+ 37. Kxe2 Rxe4+ 38. Kf3
Re7 39. h4 Bf5 40. Nf4 h5 41. Kf2 Re4 42. Kg3 Rxb4 43. Rxc6 Rc4 44. Rc7+
Kf6 45. Nd5+ Ke5 46. Ne3 Rc3 47. Kf2 Be4 48. Nd1 Rc2+ 49. Ke3 Bf5 50. Rb7
Bg4 51. Rxb5 Bxd1 52. c6+ Kd6 53. Rg5 Re2+ 54. Kd4 Re6 55. Rc5 Kc7 0-1

[Event "38th Olympiad"]
[Site "Dresden GER"]
[Date "2008.11.20"]
[Round "7"]
[White "Hammer,J"]
[Black "Abu Sufian,S"]
[Result "1-0"]
[WhiteElo "2522"]
[BlackElo "2418"]
[EventDate "2008.11.13"]

1. e4 c5 2. Nf3 g6 3. d4 cxd4 4. Nxd4 Nc6 5. Nc3 Bg7 6. Be3 Nf6 7. Bc4 O-O
8. Bb3 d6 9. f3 Bd7 10. Qd2 Nxd4 11. Bxd4 b5 12. O-O a5 13. a4 b4 14. Nd5
Nxd5 15. Bxg7 Kxg7 16. exd5 Qb6+ 17. Kh1 Ra7 18. Rfe1 Bf5 19. Re2 Rb8 20.
Rae1 Rbb7 21. g4 Bc8 22. Kg2 Rc7 23. h4 Qc5 24. h5 e5 25. dxe6 Bxe6 26. h6+
Kf8 27. Bxe6 fxe6 28. Rxe6 Re7 29. Qf4+ Ke8 30. Qf6 Rxe6 31. Qxe6+ Kd8 32.
Qe8+ Kc7 33. Re7+ Kb6 34. Qb8+ Ka6 35. Rxa7+ 1-0

[Event "38th Olympiad"]
[Site "Dresden GER"]
[Date "2008.11.20"]
[Round "7"]
[White "Haznedaroglu,K"]
[Black "Vargas Serano,P"]
[Result "1-0"]
[WhiteElo "2436"]
[BlackElo "1829"]
[EventDate "2008.11.13"]

1. e4 e5 2. Nf3 Nc6 3. Bb5 a6 4. Bxc6 dxc6 5. O-O f6 6. d4 exd4 7. Nxd4 c5
8. Nb3 Qxd1 9. Rxd1 Bg4 10. f3 Be6 11. Be3 b6 12. a4 a5 13. Na3 Bd6 14. Nb5
O-O-O 15. Rd2 Be7 16. Rad1 Rxd2 17. Rxd2 g5 18. h4 Nh6 19. Bf2 Nf7 20. Bg3
Bd8 21. hxg5 Nxg5 22. Nc1 Rg8 23. Kh2 Bc4 24. Ne2 Nf7 25. Nec3 Kb7 26. Ne2
Kc6 27. Nbc3 Be6 28. Nf4 Ng5 29. Nxe6 Nxe6 30. Nd5 Nd4 31. Bf2 Ne6 32. c4
Kb7 33. Ne3 Be7 34. Nf5 Rd8 35. Rxd8 Bxd8 36. Kg3 c6 37. Be3 Bc7+ 38. f4 b5
39. b3 bxa4 40. bxa4 Kc8 41. Kf3 Kd7 42. g3 Bb6 43. Bd2 Nd4+ 44. Kg4 Ke6
45. Bc3 Ne2 46. Bb2 Nd4 47. Nh4 Bc7 48. Kh5 Ne2 49. Nf5 Kf7 50. Kg4 Ng1 51.
Kh4 Ke6 52. Kg4 Kf7 53. Ba3 Ne2 54. Bb2 Ng1 55. Bc1 Ne2 56. Bd2 Ke6 57. Be1
Nc1 58. Kf3 Bb6 59. Bc3 Na2 60. Bb2 Nb4 61. Ne3 Nd3 62. Bc3 Nc1 63. Ng4 Bd8
64. f5+ Kf7 65. e5 Nb3 66. exf6 Nd4+ 67. Ke4 h5 68. Ne5+ Kxf6 69. Nxc6 Bb6
70. Nxd4 cxd4 71. Bxd4+ 1-0

[Event "38th Olympiad"]
[Site "Dresden GER"]
[Date "2008.11.20"]
[Round "7"]
[White "Predojevic,B"]
[Black "Dive,RJ"]
[Result "1-0"]
[WhiteElo "2615"]
[BlackElo "2357"]
[EventDate "2008.11.13"]

1. Nf3 Nf6 2. g3 d5 3. Bg2 c6 4. O-O Bf5 5. d3 h6 6. b3 e6 7. Nbd2 Be7 8.
Bb2 O-O 9. Ne5 a5 10. a4 Bh7 11. e4 Nbd7 12. Nxd7 Nxd7 13. f4 dxe4 14. dxe4
Bc5+ 15. Kh1 Nf6 16. Qe2 Bd4 17. c3 Bc5 18. Rfd1 Qb6 19. Nc4 Qc7 20. h3
Rfd8 21. Kh2 Rxd1 22. Rxd1 Rd8 23. Rxd8+ Qxd8 24. Bc1 b6 25. Be3 Bxe3 26.
Qxe3 Qd1 27. Qd2 Qxd2 28. Nxd2 Kf8 29. Kg1 Ke7 30. Kf2 Kd7 31. Ke3 Kc7 32.
Bf1 Nd7 33. b4 g5 34. fxg5 hxg5 35. h4 gxh4 36. gxh4 Ne5 37. h5 f6 38. Be2
Bg8 39. Nb3 Nd7 40. h6 e5 41. Nd2 Bh7 42. Bg4 Nf8 43. Bf5 Bg8 44. Kd3 b5
45. axb5 axb4 46. cxb4 cxb5 47. Nb1 Bh7 48. Nc3 Kc6 49. Ke3 Bg8 50. Kf3 Bh7
51. Bxh7 Nxh7 52. Kg4 Kd6 53. Kf5 Ke7 54. Nxb5 1-0

[Event "38th Olympiad"]
[Site "Dresden GER"]
[Date "2008.11.20"]
[Round "7"]
[White "Nokes,R"]
[Black "Saric,Ib"]
[Result "1/2-1/2"]
[WhiteElo "2293"]
[BlackElo "2559"]
[EventDate "2008.11.13"]

1. e4 e6 2. Nf3 d5 3. e5 c5 4. b4 cxb4 5. d4 Nc6 6. a3 f6 7. axb4 Bxb4+ 8.
c3 Be7 9. Bd3 fxe5 10. dxe5 Nh6 11. Bxh6 gxh6 12. Nbd2 Qc7 13. Qe2 O-O 14.
O-O Rf7 15. Ra4 Bd7 16. Re1 Rg7 17. Rf4 Rf8 18. Qe3 Be8 19. Nf1 Bc5 20.
Rxf8+ Bxf8 21. Ng3 b6 22. Nd4 Nxd4 23. cxd4 h5 24. f4 h4 25. Ne2 Bh5 26. f5
Bxe2 27. Rxe2 exf5 28. Bxf5 Qd8 29. Qf3 Kh8 30. Rc2 Rc7 31. Qh5 Qe7 32. h3
Rxc2 33. Bxc2 b5 34. e6 Qg7 35. Qxd5 Qg3 36. Qe4 Qg7 37. Qxh4 a5 38. Qd8 a4
39. Qd7 Qh6 40. Qe8 a3 41. Bb3 Qe3+ 42. Kh1 Qc1+ 43. Kh2 Qf4+ 44. Kh1 Kg7
45. Qf7+ Qxf7 46. exf7 Kf6 47. g3 Kf5 48. Bc2+ Ke6 49. Bb3+ Kf5 50. Bc2+
Ke6 1/2-1/2

[Event "38th Olympiad"]
[Site "Dresden GER"]
[Date "2008.11.20"]
[Round "7"]
[White "Stojanovic,Da"]
[Black "Lukey,S"]
[Result "0-1"]
[WhiteElo "2455"]
[BlackElo "2271"]
[EventDate "2008.11.13"]

1. d4 Nf6 2. Nc3 d5 3. Bg5 Bf5 4. Qd2 e6 5. f3 Be7 6. O-O-O h6 7. Bf4 a6 8.
g4 Bg6 9. e3 c5 10. h4 cxd4 11. exd4 h5 12. g5 Nfd7 13. Bd3 Bxd3 14. Qxd3
g6 15. Bd2 Nb6 16. b3 Nc6 17. Nce2 Ba3+ 18. Kb1 O-O 19. f4 a5 20. Nf3 a4
21. Ne5 axb3 22. cxb3 Kg7 23. Ng3 Qd6 24. Rhf1 Bb2 25. Nxc6 bxc6 26. Bc3
Bxc3 27. Qxc3 Qa3 28. Qb2 Qa5 29. Qd2 Qa3 30. Qe2 Nc4 31. Rf3 Rfb8 32. Rc1
Rb7 33. Rcc3 c5 34. dxc5 Qxc5 35. Qf2 Qb4 36. f5 exf5 37. Nxh5+ gxh5 38.
Qd4+ Kg8 39. Qxd5 Nd6 40. g6 Qe4+ 41. Qxe4 Nxe4 42. gxf7+ Rxf7 43. Rcd3 Ra6
44. Kb2 Rd6 45. Rxd6 Nxd6 46. a4 Kg7 47. b4 Kf6 48. b5 Ke5 49. Kb3 Ke4 50.
Rf1 f4 51. Re1+ Kd5 52. Rd1+ Ke5 53. b6 f3 54. a5 f2 55. Rf1 Rf3+ 56. Kc2
Ra3 57. Kd2 Rxa5 58. Ke2 Ne4 0-1

[Event "38th Olympiad"]
[Site "Dresden GER"]
[Date "2008.11.20"]
[Round "7"]
[White "Jobava,Ba"]
[Black "Rowson,J"]
[Result "1-0"]
[WhiteElo "2664"]
[BlackElo "2596"]
[EventDate "2008.11.13"]

1. d4 Nf6 2. Nf3 d5 3. c4 e6 4. Nc3 Nbd7 5. Bg5 c6 6. cxd5 exd5 7. e3 Be7
8. Bd3 O-O 9. Qc2 Re8 10. O-O Nf8 11. h3 Be6 12. Ne5 N6d7 13. Bxe7 Rxe7 14.
f4 f6 15. Nf3 Nb6 16. Rae1 Qc7 17. f5 Bf7 18. Qf2 Rae8 19. Kh1 Nfd7 20. g4
Nc4 21. g5 Nxe3 22. g6 Nxf1 23. gxf7+ Kxf7 24. Rxf1 Qf4 25. Ne2 Qe3 26.
Qxe3 Rxe3 27. Nf4 a6 28. Kg2 Nf8 29. h4 R3e7 30. Kf2 Nd7 31. Rg1 Rg8 32. h5
Nf8 33. Nh2 h6 34. Ng6 Rc7 35. Nf3 Nh7 36. Nd2 Ng5 37. Rc1 a5 38. Nc4 Rd8
39. Nxa5 Ra8 40. b4 1-0

[Event "38th Olympiad"]
[Site "Dresden GER"]
[Date "2008.11.20"]
[Round "7"]
[White "Aagaard,J"]
[Black "Izoria,Z"]
[Result "1/2-1/2"]
[WhiteElo "2528"]
[BlackElo "2610"]
[EventDate "2008.11.13"]

1. e4 c5 2. Nf3 a6 3. c3 e6 4. d4 d5 5. e5 Bd7 6. Be3 cxd4 7. cxd4 Qb6 8.
Qd2 Bb4 9. Nc3 Ne7 10. Bd3 Bb5 11. Bxb5+ Qxb5 12. Nxb5 Bxd2+ 13. Kxd2 axb5
14. Rhc1 Na6 15. Ne1 Kd7 16. Nd3 Rhc8 17. g4 Rxc1 18. Rxc1 h5 19. gxh5 Nf5
20. Ke2 b6 21. a3 Rh8 22. Nf4 Nb8 23. Kd3 Nc6 24. Rg1 Nce7 25. Bd2 Nc6 26.
Bc3 Rh7 27. Rg5 Nh4 28. Rg4 Nf5 29. Rg5 Nh4 30. Rg4 Nf5 1/2-1/2

[Event "38th Olympiad"]
[Site "Dresden GER"]
[Date "2008.11.20"]
[Round "7"]
[White "Mchedlishvili,M"]
[Black "Shaw,J"]
[Result "1-0"]
[WhiteElo "2615"]
[BlackElo "2469"]
[EventDate "2008.11.13"]

1. d4 d5 2. c4 c6 3. Nf3 Nf6 4. Nc3 dxc4 5. a4 Bf5 6. Ne5 Nbd7 7. Nxc4 Nb6
8. Ne5 a5 9. e3 g6 10. Bd3 Be6 11. Nf3 Bg7 12. h3 Nfd5 13. O-O O-O 14. e4
Nb4 15. Be2 Qd7 16. Bf4 Rad8 17. Qc1 Bc4 18. Bh6 Bxe2 19. Nxe2 Nc8 20. Ng3
Bxh6 21. Qxh6 f6 22. Rad1 Nd6 23. Rfe1 Nf7 24. Qc1 Qc8 25. Qc3 Rfe8 26. e5
Rd5 27. Qb3 Kg7 28. Ne2 Rdd8 29. Nf4 Nd5 30. Nd3 f5 31. Nc5 b6 32. e6 Nd6
33. Nd7 Rxd7 34. exd7 Qxd7 35. Ne5 Qb7 36. Rc1 Rc8 37. Qf3 Nb4 38. Nd3 Nxd3
39. Qxd3 Ne4 40. d5 c5 41. f3 Nd6 42. Re6 Kf7 43. Rce1 Rc7 44. h4 Rd7 45.
h5 Ne8 46. Qc4 Rd6 47. Rxd6 Nxd6 48. Qh4 c4 49. hxg6+ hxg6 50. Qh7+ Kf8 51.
Re6 1-0

[Event "38th Olympiad"]
[Site "Dresden GER"]
[Date "2008.11.20"]
[Round "7"]
[White "McNab,C"]
[Black "Arutinian,D"]
[Result "0-1"]
[WhiteElo "2455"]
[BlackElo "2584"]
[EventDate "2008.11.13"]

1. c4 Nf6 2. Nf3 e6 3. g3 a6 4. Nc3 d5 5. cxd5 exd5 6. d4 c6 7. Bg2 Be7 8.
O-O O-O 9. Qc2 Nbd7 10. b3 Re8 11. Bb2 Bd6 12. Rad1 Qe7 13. Nd2 Nf8 14. e4
dxe4 15. Ndxe4 Nxe4 16. Bxe4 Bg4 17. f3 Bh3 18. Rfe1 Qg5 19. Bc1 Qa5 20.
Bd2 Qc7 21. Ne2 Ng6 22. Kh1 Re7 23. Bg5 f6 24. Bxg6 hxg6 25. Bf4 Rae8 26.
Qd2 g5 27. Bxd6 Qxd6 28. Ng1 Be6 29. Re3 g4 30. Rde1 gxf3 31. Nxf3 Bg4 32.
Nh4 Rxe3 33. Rxe3 Rd8 34. Ng2 Kf8 35. Nf4 Qxd4 36. Ng6+ Kf7 37. Nh8+ Kg8
38. Re8+ Kh7 39. Qxd4 Rxd4 40. Nf7 Rd1+ 41. Kg2 Rd2+ 0-1

[Event "38th Olympiad"]
[Site "Dresden GER"]
[Date "2008.11.20"]
[Round "7"]
[White "Ivanisevic,I"]
[Black "Nyback,T"]
[Result "1/2-1/2"]
[WhiteElo "2658"]
[BlackElo "2634"]
[EventDate "2008.11.13"]

1. d4 d5 2. c4 c6 3. Nf3 Nf6 4. Nc3 a6 5. g3 dxc4 6. Bg2 b5 7. O-O e6 8. e4
Be7 9. e5 Nd5 10. Ne4 h6 11. Nh4 Nd7 12. Qh5 Qb6 13. Rd1 Rf8 14. Qg4 g5 15.
Nf3 Bb7 16. h4 c5 17. hxg5 O-O-O 18. gxh6 cxd4 19. Bg5 f5 20. exf6 N5xf6
21. Nxf6 Nxf6 22. Qh3 d3 23. Be3 Bc5 24. Bxc5 Qxc5 25. Nd2 Bxg2 26. Qxg2
Qd5 27. Rac1 Kb7 28. b3 Qxg2+ 29. Kxg2 Ng4 30. Rf1 cxb3 31. axb3 Nxh6 32.
Rce1 Rd6 33. Ne4 Rc6 34. Re3 Rd8 35. Rd1 a5 36. Rexd3 Rxd3 37. Rxd3 Kb6 38.
Rd8 a4 39. bxa4 bxa4 40. Ra8 Kb5 41. Kf3 Kb4 42. g4 a3 43. g5 Nf5 44. Kf4
Kb3 45. g6 a2 46. Rb8+ 1/2-1/2

[Event "38th Olympiad"]
[Site "Dresden GER"]
[Date "2008.11.20"]
[Round "7"]
[White "Sammalvuo,T"]
[Black "Solak,D"]
[Result "1/2-1/2"]
[WhiteElo "2464"]
[BlackElo "2595"]
[EventDate "2008.11.13"]

1. d4 d5 2. c4 c6 3. Nf3 Nf6 4. Nc3 dxc4 5. a4 Bf5 6. e3 e6 7. Bxc4 Nbd7 8.
O-O Bb4 9. Qb3 a5 10. Na2 Be7 11. Qxb7 Rb8 12. Qa6 Ra8 13. Qb7 Rb8 14. Qa6
Ra8 1/2-1/2

[Event "38th Olympiad"]
[Site "Dresden GER"]
[Date "2008.11.20"]
[Round "7"]
[White "Perunovic,Mil"]
[Black "Agopov,M"]
[Result "1-0"]
[WhiteElo "2580"]
[BlackElo "2449"]
[EventDate "2008.11.13"]

1. e4 c5 2. Nf3 d6 3. d4 cxd4 4. Nxd4 Nf6 5. Nc3 a6 6. Be3 Nc6 7. f3 e6 8.
Qd2 Be7 9. O-O-O O-O 10. g4 Nxd4 11. Qxd4 b5 12. g5 Nd7 13. h4 Bb7 14. h5
Bxg5 15. h6 e5 16. Qd2 Bxe3 17. Qxe3 g6 18. Rxd6 Qe7 19. Rd2 Rfd8 20. Bh3
Nf8 21. Rhd1 Rxd2 22. Rxd2 Rd8 23. Rxd8 Qxd8 24. b4 Qe7 25. a3 f6 26. Qb6
f5 27. Kb1 Kf7 28. exf5 Bxf3 29. fxg6+ Nxg6 30. Bc8 Nf4 31. Bxa6 e4 32.
Bxb5 Qe5 33. Bc4+ Ke7 34. Qb7+ Kd8 35. Qxh7 Qxc3 36. Qg8+ Kc7 37. Qg7+ 1-0

[Event "38th Olympiad"]
[Site "Dresden GER"]
[Date "2008.11.20"]
[Round "7"]
[White "Karttunen,M"]
[Black "Vuckovic,Bo"]
[Result "0-1"]
[WhiteElo "2411"]
[BlackElo "2561"]
[EventDate "2008.11.13"]

1. d4 d5 2. c4 c6 3. e3 Bf5 4. Nc3 e6 5. Nf3 Nd7 6. Bd3 Bg6 7. O-O Ngf6 8.
Re1 Be7 9. e4 dxe4 10. Nxe4 Nxe4 11. Bxe4 O-O 12. Bxg6 hxg6 13. Bf4 Re8 14.
a3 Qb6 15. Qc2 a5 16. Rad1 Rad8 17. c5 Qa6 18. Nd2 a4 19. Nc4 b5 20. cxb6
Nxb6 21. Ne5 Nd5 22. Bg3 Rc8 23. Qe4 c5 24. Qf3 Bf6 25. dxc5 Bxe5 26. Bxe5
Rxc5 27. h4 Qc6 28. Bd4 Rc4 29. Qg3 Ne7 30. Bc3 Nf5 31. Qe5 Rg4 32. Rd5 Rc8
33. Qe2 Rxg2+ 34. Kxg2 Qxd5+ 35. Qe4 Nxh4+ 36. Kh3 Nf5 37. Qxd5 exd5 38.
Kg2 f6 39. Re6 d4 40. Bb4 d3 41. Re1 Kf7 42. Bc3 Rd8 43. Rd1 Rd5 44. Kf3
Nd6 45. Rc1 Nc4 46. Ke4 Ke6 47. f4 d2 48. Rd1 Rd7 49. Bb4 f5+ 50. Kf3 Nxb2
51. Rxd2 Rxd2 52. Bxd2 Nc4 53. Bb4 Kd5 54. Bf8 g5 55. fxg5 Ne5+ 56. Kf2 g6
57. Ke3 Nd7 58. Bb4 Nc5 59. Ke2 Ne6 60. Be7 Ke5 0-1

[Event "38th Olympiad"]
[Site "Dresden GER"]
[Date "2008.11.20"]
[Round "7"]
[White "Sveshnikov,E"]
[Black "Ftacnik,L"]
[Result "1/2-1/2"]
[WhiteElo "2525"]
[BlackElo "2571"]
[EventDate "2008.11.13"]

1. e4 c5 2. c3 Nf6 3. e5 Nd5 4. Nf3 Nc6 5. Bc4 Nb6 6. Be2 g6 7. d4 cxd4 8.
cxd4 Bg7 9. Nc3 d6 10. Bf4 O-O 11. exd6 exd6 12. h3 Be6 13. O-O Nd5 14. Bg3
Nce7 15. Bd3 Nf5 16. Bxf5 Nxc3 17. bxc3 Bxf5 18. Qb3 Qd7 19. Rfe1 Rfc8 20.
c4 b6 21. Rac1 Bh6 22. Rc3 Re8 23. Rxe8+ Rxe8 24. d5 Be4 25. Qa3 b5 26.
cxb5 Qxb5 27. Qxa7 Bxd5 28. Bxd6 Qb1+ 29. Kh2 Qxa2 30. Qd7 Qa8 31. Ra3
1/2-1/2

[Event "38th Olympiad"]
[Site "Dresden GER"]
[Date "2008.11.20"]
[Round "7"]
[White "Petrik,T"]
[Black "Lanka,Z"]
[Result "1-0"]
[WhiteElo "2487"]
[BlackElo "2491"]
[EventDate "2008.11.13"]

1. d4 Nf6 2. c4 g6 3. Nf3 Bg7 4. g3 c5 5. Bg2 cxd4 6. Nxd4 O-O 7. Nc3 Qc7
8. b3 d5 9. O-O dxc4 10. Bf4 Qc5 11. bxc4 Qh5 12. Rb1 a6 13. Nf3 Nbd7 14.
h3 Qa5 15. Na4 Nh5 16. Be3 Qc7 17. Qc1 e5 18. Ng5 Nhf6 19. Rd1 Rb8 20. Ba7
Ra8 21. Be3 Rb8 22. Nb6 h6 23. Ne4 Nxe4 24. Bxe4 Nf6 25. Nd5 Nxd5 26. Bxd5
Bf5 27. Rb3 h5 28. Ba7 Rbc8 29. Rxb7 Qa5 30. Qg5 Qxa2 31. Qe7 Qxe2 32.
Bxf7+ Kh8 33. Ra1 Be4 34. Bd5 Rg8 35. Be3 Bxd5 36. cxd5 Kh7 37. Qg5 Kh8 38.
Qxg6 Rcf8 39. Rxa6 Qd1+ 40. Kh2 h4 41. Qh6+ Bxh6 42. Rxh6+ 1-0

[Event "38th Olympiad"]
[Site "Dresden GER"]
[Date "2008.11.20"]
[Round "7"]
[White "Samolins,V"]
[Black "Vavrak,P"]
[Result "1/2-1/2"]
[WhiteElo "2444"]
[BlackElo "2478"]
[EventDate "2008.11.13"]

1. e4 c5 2. Nc3 a6 3. a4 e6 4. g3 d5 5. Bg2 d4 6. Nce2 d3 7. cxd3 Nc6 8.
Nf3 e5 9. O-O Nf6 10. b4 Bg4 11. Bb2 Bxf3 12. Bxf3 Qxd3 13. Ra3 Qd7 14. b5
Nd4 15. Nxd4 cxd4 16. Rb3 Bd6 17. Bxd4 exd4 18. e5 Bxe5 19. Re1 O-O 20.
Rxe5 Rfe8 21. Qe2 axb5 22. Rbxb5 Rxe5 23. Qxe5 Re8 24. Qf5 Qxf5 25. Rxf5 b6
26. Rb5 Re6 27. Rb4 d3 28. Rd4 g5 29. Rxd3 g4 30. Bd5 Nxd5 31. Rxd5 Re4 32.
Rb5 Rxa4 33. Rxb6 Ra1+ 34. Kg2 Kg7 35. f3 Re1 36. Kf2 Rh1 37. fxg4 Rxh2+
38. Ke3 Rg2 39. d4 Rxg3+ 40. Kf4 Rd3 41. Rd6 Rd1 42. Rd5 Kf6 43. Rf5+ Ke6
44. d5+ Rxd5 45. Rxd5 Kxd5 46. Kf5 Kd4 47. Kf6 Ke4 48. Kxf7 Kf4 49. Kg7
Kxg4 50. Kxh7 1/2-1/2

[Event "38th Olympiad"]
[Site "Dresden GER"]
[Date "2008.11.20"]
[Round "7"]
[White "Ragger,M"]
[Black "Beliavsky,A"]
[Result "1/2-1/2"]
[WhiteElo "2518"]
[BlackElo "2619"]
[EventDate "2008.11.13"]

1. e4 e5 2. Nf3 Nc6 3. Bb5 a6 4. Ba4 Nf6 5. O-O Be7 6. Re1 b5 7. Bb3 d6 8.
c3 O-O 9. h3 Bb7 10. d4 Re8 11. Ng5 Rf8 12. Nf3 Re8 13. Nbd2 Bf8 14. d5 Nb8
15. Nf1 Nbd7 16. N3h2 Nc5 17. Bc2 c6 18. b4 Ncd7 19. dxc6 Bxc6 20. Bg5 Be7
21. Bxf6 Nxf6 22. Ng4 Nxg4 23. Qxg4 Bd7 24. Qf3 Rc8 25. Rad1 Be6 26. Bb3
Bg5 27. Rd3 Rc6 28. Red1 Qc7 29. Ng3 g6 30. Ne2 a5 31. Bd5 Ra6 32. a3 Be7
33. R3d2 Qa7 34. Qd3 axb4 35. axb4 Rb8 36. Qf3 1/2-1/2

[Event "38th Olympiad"]
[Site "Dresden GER"]
[Date "2008.11.20"]
[Round "7"]
[White "Pavasovic,D"]
[Black "Atlas,V"]
[Result "1-0"]
[WhiteElo "2597"]
[BlackElo "2465"]
[EventDate "2008.11.13"]

1. e4 c5 2. Nf3 e6 3. d4 cxd4 4. Nxd4 Nf6 5. Nc3 d6 6. Be3 Be7 7. f3 Nc6 8.
Qd2 O-O 9. g4 d5 10. g5 Nh5 11. exd5 Nxd4 12. Qxd4 Bxg5 13. O-O-O Bxe3+ 14.
Qxe3 Qf6 15. Rd4 Bd7 16. Rg1 e5 17. Rb4 b6 18. Rg5 g6 19. Rxe5 Qd6 20. Rh4
Rae8 21. Rhe4 Rxe5 22. Rxe5 f6 23. Re7 Rf7 24. Rxf7 Kxf7 25. Qh6 Qf4+ 26.
Qxf4 Nxf4 27. Kd2 f5 28. Ke3 g5 29. Kd4 Kf6 30. Bb5 Bxb5 31. Nxb5 h5 32.
Nxa7 h4 33. Nc6 g4 34. fxg4 fxg4 35. d6 h3 36. Ke3 Ne6 37. Kf2 Nc5 38. b4
Ne4+ 39. Ke3 Nxd6 40. Kf4 Nf5 41. Kxg4 Ne3+ 42. Kxh3 Nxc2 43. a4 Ke6 44.
Kg4 Kd6 45. b5 Ne3+ 46. Kg5 Nd5 47. h4 Ke6 48. h5 Kf7 49. Ne5+ 1-0

[Event "38th Olympiad"]
[Site "Dresden GER"]
[Date "2008.11.20"]
[Round "7"]
[White "Neubauer,M"]
[Black "Borisek,J"]
[Result "0-1"]
[WhiteElo "2422"]
[BlackElo "2548"]
[EventDate "2008.11.13"]

1. d4 Nf6 2. c4 g6 3. Nc3 d5 4. Nf3 Bg7 5. Bf4 O-O 6. e3 c5 7. dxc5 Qa5 8.
Rc1 dxc4 9. Bxc4 Qxc5 10. Bb3 Qa5 11. O-O Nc6 12. h3 Qa6 13. Ne5 Nxe5 14.
Bxe5 Be6 15. Bd4 Rfd8 16. Bxe6 Qxe6 17. Qa4 a6 18. Rfd1 Rac8 19. Qb4 b5 20.
Qa5 Rd6 21. a4 bxa4 22. Qxa4 Rc4 23. Qa5 h5 24. Be5 Rdc6 25. Ra1 Kh7 26.
Bd4 Rd6 27. Be5 Rb6 28. Rd2 Rcb4 29. Bd4 Rxb2 30. Rxb2 Rxb2 31. Qxa6 Qf5
32. Qf1 e5 33. Ba7 Bf8 34. Rb1 Rc2 35. Rc1 Bb4 36. Rxc2 Qxc2 37. Nd1 Ne4
38. Bb6 Nd2 39. Qe2 e4 40. Bd4 Nf3+ 0-1

[Event "38th Olympiad"]
[Site "Dresden GER"]
[Date "2008.11.20"]
[Round "7"]
[White "Skoberne,J"]
[Black "Baumegger,S"]
[Result "1/2-1/2"]
[WhiteElo "2501"]
[BlackElo "2445"]
[EventDate "2008.11.13"]

1. e4 e5 2. Nf3 Nc6 3. Bb5 a6 4. Bxc6 dxc6 5. O-O Bg4 6. h3 h5 7. d3 Qf6 8.
Nbd2 Ne7 9. hxg4 hxg4 10. g3 gxf3 11. Qxf3 Qe6 12. Nc4 O-O-O 13. b4 f6 14.
Bd2 g6 15. Rfe1 Bh6 16. Bc3 Bg5 17. a4 Rh7 18. Kf1 Rh2 19. Ke2 Nd5 20. exd5
cxd5 21. Nd2 e4 22. Kd1 Bxd2 23. Bxd2 Qe5 24. d4 Qxd4 25. Qc3 Qxf2 26. Qe3
Qxe3 27. Rxe3 f5 28. Re2 Rh1+ 29. Re1 Rh3 30. Ra3 d4 31. Bf4 Rd5 32. Kc1
Kd7 33. Rd1 c6 34. c4 dxc3 35. Rxd5+ cxd5 36. Rxc3 Ke6 37. Rc8 g5 38. Bb8
d4 39. Rd8 Rh1+ 40. Kc2 d3+ 41. Kb2 Rf1 42. Rd6+ Kf7 43. Kc3 Rc1+ 44. Kd2
Rc2+ 45. Kd1 Rb2 46. Rd4 Rg2 47. b5 axb5 48. axb5 Kg6 49. Rd7 Rb2 50. g4 f4
51. Ba7 Rxb5 52. Bd4 e3 53. Bxe3 fxe3 54. Rd6+ Kf7 55. Rxd3 Rb4 56. Rxe3
Rxg4 57. Rb3 Rd4+ 58. Ke2 Rd7 59. Rb6 Kf8 60. Kf3 Rg7 61. Kg4 Ke8 62. Rb2
Kd8 63. Rb1 Kc8 64. Rb2 Rg6 65. Kf5 Rg8 66. Kg4 Kb8 67. Rb1 Ka7 68. Ra1+
Kb6 69. Rb1+ Kc6 70. Rc1+ Kd7 71. Rb1 Kc7 72. Rc1+ Kd8 73. Rd1+ Kc8 74.
Rc1+ Kb8 75. Rb1 Rg6 76. Kf5 Rd6 77. Kxg5 Kc7 78. Kf5 b6 79. Ke5 Rd3 80.
Ke4 Rd2 81. Rc1+ Kb7 82. Rb1 Rd6 83. Ke5 Rd7 84. Ke4 Rd8 85. Ke5 Kc6 86.
Rc1+ Kb5 87. Rb1+ Ka6 88. Ra1+ Kb7 89. Rb1 Rd2 90. Ke4 Rd6 91. Ke5 Kc7 
92. Rb2 Rd3 93. Ke4 Rd1 94. Rc2+ Kb8 95. Rb2 Ka7 96. Ra2+ Kb7 97. Rb2 Rc1 
98. Kd3 Ka6 99. Ra2+ Kb5 100. Rb2+ Kc5 101. Kd2 Rc4 102. Rb3 Rb4 103. Rh3 Rc4 
104. Rb3 Kc6 105. Kd3 Rc1 106. Kd2 Rc5 107. Kd3 Rb5 108. Rc3+ Kd5 109. Kc2 Rb4 
110. Rh3 Kc4 111. Rh5 Kd4 112. Rg5 Kc4 1/2-1/2